Параллельный катаклизм: Фантастический роман

Dades bibliogràfiques
Autor principal: Березин Ф. Д. Федор Дмитриевич
Idioma:rus
Publicat: Москва, ЭКСМО-Пресс, 2002
Col·lecció:Российская боевая фантастика
Matèries:
Format: MixedMaterials Llibre
KOHA link:https://koha.lib.tpu.ru/cgi-bin/koha/opac-detail.pl?biblionumber=68454

MARC

LEADER 00000nam0a2200000 4500
001 68454
005 20231031074851.0
010 |a 5040092431 
035 |a (RuTPU)RU\TPU\book\72904 
090 |a 68454 
100 |a 20041006d2002 m y0rusy50 ca 
101 0 |a rus 
102 |a RU 
105 |a y z 000ay 
200 1 |a Параллельный катаклизм  |e Фантастический роман  |f Ф. Д. Березин 
210 |a Москва  |c ЭКСМО-Пресс  |d 2002 
215 |a 480 с. 
225 1 |a Российская боевая фантастика 
610 1 |a русская литература 
610 1 |a романы 
610 1 |a фантастика 
610 1 |a боевики 
675 |a Р2  |v 3 
700 1 |a Березин  |b Ф. Д.  |g Федор Дмитриевич 
801 1 |a RU  |b 63413507  |c 20041006  |g PSBO 
801 2 |a RU  |b 63413507  |c 20041013  |g PSBO 
942 |c BK